[Event "GER-chT Federal Cup (Women)"]
[Site "Braunfels"]
[Date "2013.06.01"]
[Round "4.8"]
[White "Yusuphanova, Sadi Carolin"]
[Black "Lassotta, Anja"]
[Result "1-0"]
[WhiteElo "1917"]
[BlackElo "878"]
[PlyCount "63"]
[EventDate "2013.05.30"]
[EventType "team-swiss"]
[EventRounds "5"]
[EventCountry "GER"]
[SourceTitle "EXT 2014"]
[Source "ChessBase"]
[SourceDate "2013.11.20"]
[SourceVersion "1"]
[SourceVersionDate "2013.11.20"]
[SourceQuality "1"]
[WhiteTeam "Wuerttemberg (W)"]
[BlackTeam "Saarland (W)"]
[WhiteTeamCountry "GER"]
[BlackTeamCountry "GER"]

1. c4 e5 2. Nc3 d6 3. Nf3 Nc6 4. g3 Be6 5. b3 Nf6 6. Bg2 Qd7 7. h4 h6 8. d4 e4 9. d5 exf3 10. dxc6 bxc6 11. Bxf3 Rb8 12. Be3 a5 13. Qd4 d5 14. c5 Be7 15. 0-0 Rg8 16. Qa4 Ng4 17. Bxg4 Bxg4 18. Qxa5 Bf6 19. Bf4 Kd8 20. f3 Be6 21. Rad1 g5 22. hxg5 hxg5 23. Bc1 Kc8 24. Kf2 d4 25. Ne4 Rg6 26. Nxf6 Rxf6 27. Rh1 Kb7 28. Qb4+ Ka7 29. Qa4+ Kb7 30. Rxd4 Bd5 31. Rb4+ Kc8 32. Rh8+ 1-0